00630 2200169 4500245003600000020002200036250001100058100001600069650001700085005001900102260004200121041001400163084000800177300002300185500024300208336000900451 aMahar JinggacSyarif HadehText a978-602-03-1900-1 aCet. 1 aSyarif Hade aNovel Islami a20231006140847 aJakartabGramedia Pustaka Utamac2016 aIndonesia a813 a174 hlm. :c20 cm. anizam termenung. rencananya untuk mendua ternyata begitu menguras batinnya. dia pun mulai ragu, apakah mahar jingga yang akan ia berikan pada gadis itu mampou membahagiakan tau atau justru meninggalkan luka pada orang orang yang ia cintai atext